000 00844nam a2200241 i 4500
003 DO-SdBNP
005 20250606114245.0
007 ta
008 230809n1950 dr ||||| |||| 00| 0 spa d
040 _aDO-SdBNP
_bspa
_cBNPHU
_erda
082 4 _a372.19
_bR426p
_222
110 1 _aRepública Dominicana.
_bSecretaría de Estado de Educación, Bellas Artes y Cultos
_923965
245 1 0 _aProgramas de la educación primaria :
_btercer curso
264 1 _aCiudad Trujillo, D. N. :
_bSecretaría de Estado de Educación, Bellas Artes y Cultos,
_c1950.
300 _a34 páginas ;
_c22 cm.
336 _atexto
_btxt
_2rdacontent
337 _asin mediación
_bn
_2rdamedia
338 _avolumen
_bnc
_2rdacarrier
590 _aInventariado 2023 / DG
650 0 _aEducación primaria
_zRepública Dominicana
_91420
910 _aDG
942 _2ddc
_cLF2
999 _c54640
_d54640